00362pab a2200133 454500008004000000100002500040245006800065260000900133300001400142362000800156650001700164650002200181773002500203180718b2005 xxu||||| |||| 00| 0 eng d aSellers, Jefferey M. aRe-placing the nation: an agenda for comparative urban politics c2005 ap.419-45. aMar aUrbanization aUrban development aUrban Affairs Review